| 000 | 00636nam a22002052 4500 | ||
|---|---|---|---|
| 001 | 0000000048 | ||
| 005 | 20151217151743.0 | ||
| 008 | 070109s xx 000 0 eng d | ||
| 020 |
_a0534525423 : _cKES 500 (donation) |
||
| 040 |
_aKABU _cKABU |
||
| 245 | 1 | 0 |
_aVoices of wisdom : _ba multicultural philosophy reader / _c[ed. by] Gary E. Kessler. |
| 250 | _a3rd ed. | ||
| 260 |
_aBelmont, CA : _bWadsworth, _c1998. |
||
| 300 | _axix, 530 p. | ||
| 650 | 0 |
_aPhilosophy, Comparative. _@0000148018 |
|
| 700 | 1 |
_aKessler, Gary E. _@0000148019 |
|
| 908 | _a070109 | ||
| 950 | _@1 | ||
| 999 |
_c4697 _d4697 |
||